00270 2200121 4500245005100000250001100051100001000062650001600072005001900088260001800107041001400125336000900139 aLAPORAN KARYA SISWAb : SERANGGAcZAHROhText aCet. 1 aZAHRO aKarya Siswa a20240829114412 aJakartac2024 aIndonesia atext